000 00562nmm a2200193Ia 4500
008 251105s9999||||xx |||||||||||||||||und||
020 _a9788468745114
041 _aspa
100 _aBetts, Heidi
245 0 _aUna amante inadecuada/Escándalo de familia
264 _a[Madrid, España] :
_bHarlequin,
_c[Fecha de publicación no identificada]
300 _a0 páginas
490 _a'Los Elliots'
650 _aRomance
700 _aBetts, Heidi
700 1 _a Sands, Charlene
856 _uhttps://public.digitaliapublishing.com/a/93831
942 _cCF
999 _c62851
_d62851